| 000 | 00980nam a2200253 4500 | ||
|---|---|---|---|
| 003 | CO-ViMGA | ||
| 020 | _a9789589862278 | ||
| 040 |
_aCO-ViMGA _bspa _cCO-ViMGA |
||
| 082 | 0 | 4 |
_a611 _bV31 |
| 110 |
_aBrijbasi Art Press Limited _913025 |
||
| 245 | 1 | 0 |
_aEl viaje al centro del cuerpo humano / _ctextos Brijbasi Art Press Limited ; traducción Carolina Berduque |
| 250 | _aEdición especial | ||
| 260 |
_aBogotá : _bCypres, _c2018 |
||
| 300 |
_a[14] páginas : _bilustraciones en color ; 34 cm. |
||
| 490 | _aPlan Nacional de Lectura y Escritura Leer es mi cuento / Ministerio de Cultura | ||
| 500 | _a Recomendado para un público infantil mayor de 9 años | ||
| 500 | _aIncluye glosario e índice | ||
| 534 | _t3D human body | ||
| 650 | 1 | 4 |
_aAnatomia humana _vEnseñanza elemental _913026 |
| 650 | 1 | 4 |
_aCuerpo humano _vEnseñanza elemental _913028 |
| 650 | 1 | 4 |
_aFisiología humana _vEnseñanza elemental _913027 |
| 700 | 1 |
_aBerduque, María Carolina _913029 |
|
| 942 |
_2ddc _cBK |
||
| 999 |
_c8694 _d8694 |
||